Evaluation of certain food additives
Uloženo v:
| Korporativní autor: | |
|---|---|
| Médium: | Neznámo |
| Vydáno: |
Geneva
World Health Organization
2000
|
| Témata: | |
| On-line přístup: | Visit NHRC Library |
| Tagy: |
Přidat tag
Žádné tagy, Buďte první, kdo otaguje tento záznam!
|
| LEADER | 00784 a2200217 4500 | ||
|---|---|---|---|
| 003 | 272 | ||
| 005 | 20220906184535.0 | ||
| 952 | |0 0 |1 0 |2 lcc |4 0 |6 WA 00712/WHO/02000 |7 0 |9 266 |a NHRC |b NHRC |c CART |d 2012-04-08 |l 0 |o WA 712/WHO/2000 |p 272 |r 2012-04-08 |w 2012-04-08 |y BK | ||
| 999 | |c 264 |d 264 | ||
| 020 | |a 9241208910 | ||
| 022 | |a 05123054 | ||
| 060 | |a WA 712 | ||
| 110 | |a World Health Organization |9 7 | ||
| 245 | |a Evaluation of certain food additives | ||
| 260 | |a Geneva |b World Health Organization |c 2000 | ||
| 300 | |a 168p. | ||
| 500 | |a Book | ||
| 546 | |a Eng. | ||
| 650 | |a Food additives toxicity |a Food additivies analysis |a Food contamination |a Flavoring agents analysis |a Evaluation of certain food additives |a Seires |9 4178 | ||
| 856 | |u http://nhrc.gov.np/contact/ |y Visit NHRC Library | ||
| 942 | |2 NLM |c BK | ||